| 000 | 00353nam a22001577a 4500 | ||
|---|---|---|---|
| 003 | SGT | ||
| 020 | _a9788180614697 | ||
| 082 |
_a615.8 _bT16N |
||
| 100 | _aNARAYANAN, S. LAKSHMI | ||
| 245 | _aTB. OF THERAPEUTICS EXERCISES | ||
| 250 | _a1ST | ||
| 260 |
_aINDIA _bJAYPEE PUB _c2016 |
||
| 300 | _a243 | ||
| 650 | _aPHYSIOTHERAPY | ||
| 942 |
_2ddc _cBK _0129 |
||
| 999 |
_c20983 _d20983 |
||